|
|
|
|
| LEADER |
01003nam a2200325 4500 |
| 001 |
DLU110130930 |
| 005 |
##20111226 |
| 040 |
# |
# |
|a DLU
|b vie
|
| 041 |
# |
# |
|a vie
|
| 044 |
# |
# |
|a vn
|
| 082 |
# |
# |
|a 361.4
|b Con
|
| 245 |
# |
# |
|a Công tác xã hội nhóm /
|c Nguyễn Ngọc Lâm biên soạn.
|
| 260 |
# |
# |
|a TP. HCM :
|b Đại học Mở bán công,
|c 2006.
|
| 300 |
# |
# |
|a 152 tr. ;
|c 19 cm.
|
| 504 |
# |
# |
|a Tài liệu tham khảo: tr.111.
|
| 505 |
# |
# |
|a Phần 1. Tổng quan về CTXH nhóm -- Phần 2. Năng động nhóm -- Phần 3. Tiến trình CTXH nhóm -- Phần 4. Thực hành CTXH nhóm.
|
| 650 |
# |
# |
|a Công tác xã hội
|v Giáo trình.
|
| 650 |
# |
# |
|a Nhóm công tác xã hội
|v Giáo trình.
|
| 700 |
# |
# |
|a Nguyễn Ngọc Lâm,
|c ThS.
|e biên soạn.
|
| 923 |
# |
# |
|a 18/2011
|
| 991 |
# |
# |
|a GT
|
| 992 |
# |
# |
|a 18000
|
| 994 |
# |
# |
|a DLU
|
| 900 |
# |
# |
|a True
|
| 911 |
# |
# |
|a Đào Thị Thu Huyền
|
| 925 |
# |
# |
|a G
|
| 926 |
# |
# |
|a A
|
| 927 |
# |
# |
|a SH
|
| 980 |
# |
# |
|a Thư viện Trường Đại học Đà Lạt
|